000 02278nam a22003017a 4500
999 _c60213
_d60213
003 Ge_BSU
005 20230619163938.0
008 230619s2018 ge ||||| |||| 00| 0 geo d
020 _a9789941279591
041 _ageo
080 _a903.22(479.22) ი-25
245 _aიარაღ-საჭურველი ძვ.წ. V - ახ.წ. IV საუკუნეების საქართველოში = Weapons and Armour in Georgia (5th century BC - 4 th century AD) :
_bწ. 1. /
_c გელა გამყრელიძე, ვახტანგ შატბერაშვილი, მარინე ფირცხალავა, მაია ჩარკვიანი ; საქ. ეროვნული მუზეუმი, ოთარ ლორთქიფანიძის სახ. არქეოლოგიური კვლევის ინ-ტი.
264 _aთბილისი,
_c2018.
300 _a295 გვ. ;
_b25 სმ.
504 _aბიბლიოგრ.: 149-167, 236-241.
653 _aსაქართველოს არქეოლოგია
653 _aანტიკური ხანის იარაღ-საჭურველი საქართველოში
700 _aგამყრელიძე, გელა
_eავტორი
_912777
700 _aშატბერაშვილი, ვახტანგ
_eავტორი
_918807
700 _aფირცხალავა, მარინე
_eავტორი
_918808
700 _aჩარკვიანი, მაია
_eავტორი
_918809
700 _aჯაფარიძე, ნინო
_eმთარგმნელი.
_913869
700 _aბერიძე, რუსუდან,
_e გრაფ. ტაბულები
_92272
700 _aკაკაბაძე, გიორგი
_eფოტოები.
_915368
700 _aშატბერაშვილი, ნინო
_eყდის დიზაინერი
_918810
710 _aსაქ. ეროვნული მუზეუმი. ოთარ ლორთქიფანიძის სახ.
_bარქეოლოგიური კვლევის ინ-ტი.
_918811
942 _2udc
_cBK